الخلود فى حياة المصريين المعاصرين : (Record no. 15800)
[ view plain ]
| 000 -الفاتح | |
|---|---|
| حقل البيانات ثابتة الطول | 00866nam a22001817a 4500 |
| 008 - عناصر البيانات ثابتة الطول - معلومات عامة | |
| حقل البيانات ثابتة الطول | 110810t1972 xxu||||g |||| 000 0 ara d |
| 082 ## - رقم تصنيف ديوى العشرى | |
| رقم الطبعة | 22 |
| رقم التصنيف | 393 |
| رقم المادة | ع و ي |
| 100 ## - المدخل الرئيسى - إسم شخصى | |
| 9 (RLIN) | 26626 |
| الإسم الشخصى | عويس،سيد |
| 245 ## - بيان العنوان | |
| العنوان | الخلود فى حياة المصريين المعاصرين : |
| بقية العنوان | نظرة القادة الثقافيين المصريين نحو ظاهرة الموت و نحو الموتى / |
| بيان المسئوليه,etc | سيد عويس |
| 260 ## - PUBLICATION, DISTRIBUTION, ETC. (IMPRINT) | |
| مكان الناشر او الموزع | القاهرة: |
| اسم الناشر او الموزع | الهيئة المصرية العامة للكتاب،1972. |
| تاريخ النشر أو التوزيع | 1972. |
| 300 ## - الوصف المادى | |
| التعداد | 290ص، |
| أبعاد الوعاء | 24سم. |
| 650 ## - المدخل الاضافى بالموضوع-مصطلح موضوعى | |
| 9 (RLIN) | 26630 |
| مصطلح موضوعي أو اسم جغرافي كعنصر مدخل | الموت |
| التقسيم الفرعي العام | عادات و تقاليد |
| 650 ## - المدخل الاضافى بالموضوع-مصطلح موضوعى | |
| 9 (RLIN) | 26631 |
| مصطلح موضوعي أو اسم جغرافي كعنصر مدخل | الخلود |
| 650 ## - المدخل الاضافى بالموضوع-مصطلح موضوعى | |
| 9 (RLIN) | 26632 |
| مصطلح موضوعي أو اسم جغرافي كعنصر مدخل | الحياة الأخرى |
| 653 ## - مصطلح تكشيفى غير مقيد | |
| Resource For college | |
| Arrived date list | August2011 |
| 942 ## - عناصر المدخل الإضافي( كوها) | |
| مصدر التصنيف او مخطط الترفيف | Dewey Decimal Classification |
| Koha [default] item type | Book - Borrowing |
| حالة التراجع | حالة الفقد | مصدر التصنيف او خطة الترفيف | حالة تلف | ليس للاعارة | مجموعات كوها | المكان الدائم | المكان الحالي | موقع الترفيف | تاريخ الاكتساب | Source of acquisition | رقم الاستدعاء | الباركود | Date last seen | نوع الوعاء |
|---|---|---|---|---|---|---|---|---|---|---|---|---|---|---|
| Dewey Decimal Classification | Central Library | Central Library | First floor | 10/08/2011 | Donation | 393 ع و ي | 000024442 | 15/07/2025 | Book - Borrowing |